000 00556nam a22001577a 4500
005 20241028140738.0
008 241028b |||||||| |||| 00| 0 eng d
020 _a039305747X
050 _aPS3551.B895C74 2003
100 _aJABER DIANA ABU
245 _aCRESCENT
260 _aNEWYORK
_bNORTON AND COMPANY
_c2003
300 _aX,349
650 _aArab American women--Fiction. Cooking, Lebanese--Fiction. College teachers--Fiction. Arab Americans--Fiction. Women cooks--Fiction. Restaurants--Fiction. Los Angeles (Calif.)--Fiction.
942 _2lcc
_cBK
999 _c213456
_d213456